Las percusiones /

Guardado en:
Autor Corporativo: Fundación Serveis de Cultura Popular.
Formato: Deslizar
Series:Los instrumentos musicales
Materias:
Etiquetas: Agregar Etiqueta
Sin Etiquetas, Sea el primero en etiquetar este registro!
LEADER 00837ngm a22002295g 4500
001 CEM.cems022735
008 130507b2005##################0###0#####d
005 20241114203114.0
245 1 0 |a Las percusiones /  |c Fundación Serveis de Cultura Popular. 
300 |a 8'. 
490 0 |a Los instrumentos musicales 
500 |a En soporte VHS, consultar en ventanilla. 
505 0 |a Orígenes históricos. Modos de acción. Tipos de instrumentos. Clasificación. 
538 |a Soporte: VHS - Norma: Pal N - Color: Si - Grabación DRD 2005 - Hitachi=5790. 
110 2 |a Fundación Serveis de Cultura Popular. 
082 7 8 |/ FUN 
653 |a MUSICA 
653 |a INSTRUMENTOS MUSICALES 
653 |a PERCUSION 
653 |a NIVEL PRIMARIO 
653 |a NIVEL SECUNDARIO 
859 |a CEMS  |b BIB. CEMS - Depto. Recursos Didacticos  |h 780  |i FUN  |k DRD  |p 1378.12  |t Ej.1